Nalaganje...

The Intel microprocessors:8086/8088,80186/80188,80286,80386,80486,pentium, Pentium propocessor, Pentium II, Petium III, Pentium IV: architecture, programming and interfacing

Bibliografske podrobnosti
Glavni avtor: Brey, Barry B
Format: Printed Book
Izdano: PHI 2006
Izdaja:7th Ed.
LEADER 00553nam a2200133 4500
082 |a 004.16 
100 |a Brey, Barry B 
245 |a The Intel microprocessors:8086/8088,80186/80188,80286,80386,80486,pentium, Pentium propocessor, Pentium II, Petium III, Pentium IV: architecture, programming and interfacing  |h [Text] 
250 |a 7th Ed. 
260 |b PHI  |c 2006 
300 |a Paper back 
942 |c BK 
999 |c 83820  |d 83820 
952 |0 0  |1 0  |4 0  |6 004_160000000000000  |7 0  |9 76082  |a SOCS  |b SOCS  |d 2015-06-11  |g 350.00  |l 2  |m 1  |o 004.16  |p SOCS3122  |r 2019-02-14  |s 2019-02-14  |w 2015-06-11  |y BK